[Event "Villa Guardia D Oro Cup 26th"]
[White "Curioni, Franco"]
[Black "Cervini, Gian Piero"]
[Site "Villa Guardia"]
[Round "3"]
[Result "1/2-1/2"]
[Date "2008.10.24"]
[WhiteElo "2231"]
[BlackElo "1768"]
[PlyCount "21"]
[EventDate "2008.10.10"]
[EventType "swiss"]
[EventRounds "7"]
[EventCountry "ITA"]
[SourceTitle "EXT 2011"]
[Source "ChessBase"]
[SourceDate "2010.11.26"]
[SourceVersion "1"]
[SourceVersionDate "2010.11.26"]
[SourceQuality "1"]

1. e4 g6 2. d4 Bg7 3. Nf3 d6 4. Be2 Nf6 5. Nc3 0-0 6. 0-0 e6 7. Bg5 h6 8. Be3 Nc6 9. h3 a6 10. Qd2 Kh7 11. Rad1 1/2-1/2

[Event "Lugano op"]
[White "Curioni, Franco"]
[Black "Contin, Daniel"]
[Site "Lugano"]
[Round "5.4"]
[Result "1-0"]
[Date "2007.11.18"]
[WhiteElo "2197"]
[BlackElo "2318"]
[PlyCount "91"]
[EventDate "2007.11.16"]
[EventType "swiss"]
[EventRounds "5"]
[EventCountry "SUI"]
[SourceTitle "CBM 121 Extra"]
[Source "ChessBase"]
[SourceDate "2008.01.10"]
[SourceVersion "1"]
[SourceVersionDate "2008.01.10"]
[SourceQuality "1"]

1. e4 e6 2. d4 d5 3. Nc3 Bb4 4. e5 c5 5. a3 Bxc3+ 6. bxc3 Ne7 7. Qg4 0-0 8. Bd3 c4 9. Bh6 Ng6 10. Bxg6 fxg6 11. Bd2 Qe8 12. Nf3 Nc6 13. h4 Rf5 14. Bg5 h6 15. Be3 Bd7 16. Rb1 b6 17. Qh3 Qf8 18. Ke2 Qxa3 19. Kd2 Raf8 20. Qg4 Be8 21. Ra1 Qe7 22. Rhb1 Qb7 23. Ng1 b5 24. Ne2 a5 25. Ng3 Rxf2+ 26. Bxf2 Rxf2+ 27. Ne2 Qe7 28. Rf1 Rxf1 29. Rxf1 b4 30. g3 b3 31. Nf4 a4 32. cxb3 cxb3 33. Qxe6+ Qf7 34. Qxf7+ Bxf7 35. e6 Be8 36. Nxd5 a3 37. Ne3 Na5 38. c4 g5 39. hxg5 Bg6 40. e7 Nc6 41. Kc3 Nxd4 42. Kxd4 b2 43. Kc3 hxg5 44. Nd5 Kh7 45. Kb3 Bd3 46. Rh1+ 1-0

[Event "Lugano op"]
[White "Curioni, Franco"]
[Black "Zuccoli, Maurizio"]
[Site "Lugano"]
[Round "1.11"]
[Result "1-0"]
[Date "2007.11.16"]
[WhiteElo "2197"]
[BlackElo "1885"]
[PlyCount "33"]
[EventDate "2007.11.16"]
[EventType "swiss"]
[EventRounds "5"]
[EventCountry "SUI"]
[SourceTitle "CBM 121 Extra"]
[Source "ChessBase"]
[SourceDate "2008.01.10"]
[SourceVersion "1"]
[SourceVersionDate "2008.01.10"]
[SourceQuality "1"]

1. e4 c5 2. c3 Nc6 3. Nf3 d6 4. d4 cxd4 5. cxd4 Bg4 6. d5 Ne5 7. Nxe5 Qa5+ 8. Bd2 Bxd1 9. Bxa5 Ba4 10. Nc3 dxe5 11. Nxa4 b6 12. Bb5+ Kd8 13. Bc6 Rc8 14. Nxb6 Rxc6 15. Na8+ Rb6 16. Nxb6 axb6 17. Bxb6+ 1-0

[Event "Villa Guardia D Oro Cup 25th"]
[White "Bevilacqua, Roberto"]
[Black "Curioni, Franco"]
[Site "Villa Guardia"]
[Round "3"]
[Result "1-0"]
[Date "2007.10.19"]
[WhiteElo "2159"]
[BlackElo "2197"]
[PlyCount "93"]
[EventDate "2007.10.05"]
[EventType "swiss"]
[EventRounds "7"]
[EventCountry "ITA"]
[SourceTitle "EXT 2010"]
[Source "ChessBase"]
[SourceDate "2010.11.25"]
[SourceVersion "1"]
[SourceVersionDate "2010.11.25"]
[SourceQuality "1"]

1. e4 c5 2. Nc3 g6 3. g3 Bg7 4. d3 d6 5. Bg2 Nc6 6. Be3 e6 7. Qd2 Nge7 8. Bh6 Bxh6 9. Qxh6 Ng8 10. Qg7 Qf6 11. Qxf6 Nxf6 12. Nb5 Ke7 13. Na3 Bd7 14. c3 Rhc8 15. f4 Ng4 16. Nc2 b5 17. h3 Nf6 18. Nf3 Nh5 19. Kf2 f6 20. Rhe1 e5 21. fxe5 fxe5 22. Ne3 Rf8 23. Nd5+ Kd8 24. Bf1 Be6 25. Kg2 Bxh3+ 26. Kxh3 Rxf3 27. Be2 Rxg3+ 28. Kh4 Rg2 29. Bxh5 Rh2+ 30. Kg3 Rxh5 31. Rf1 Kc8 32. Rf7 Nd8 33. Re7 Rg5+ 34. Kh4 h6 35. Rf1 Rh5+ 36. Kg4 Rg5+ 37. Kf3 b4 38. Ke3 Rg3+ 39. Kd2 c4 40. Rf8 Rxd3+ 41. Kc2 Rxd5 42. exd5 g5 43. cxb4 Rb8 44. Kc3 g4 45. Rh8 h5 46. Rxh5 Rb7 47. Rxb7 1-0